Fine Arts - Music | 4 | 4 | 0 | 0 | 100 | 41 | 77.63 | 1 | 1 |
Science - Chemistry | 3 | 3 | 0 | 0 | 75 | 20 | 50.50 | 0 | 2 |
Science - Biology | 2 | 1 | 0 | 0 | 40 | 40 | 56.67 | 0 | 0 |
Social Science - Linguistics | 2 | 0 | 0 | 0 | 30 | 37 | 53.00 | 0 | 1 |
History - World | 2 | 0 | 0 | 0 | 30 | 31 | 47.00 | 1 | 1 |
RMP - Hinduism | 1 | 1 | 0 | 0 | 25 | 9 | 62.50 | 1 | 1 |
Science - Physics | 1 | 1 | 0 | 0 | 25 | 29 | 48.00 | 1 | 1 |
Geography - World | 1 | 1 | 0 | 0 | 25 | 34 | 47.00 | 1 | 1 |
History - American | 0 | 2 | 0 | 0 | 20 | 73 | 93.00 | 0 | 0 |
RMP - Philosophy | 0 | 2 | 0 | 0 | 20 | 82 | 86.00 | 0 | 0 |
Geography - Europe | 1 | 0 | 0 | 0 | 15 | 66 | 66.00 | 0 | 1 |
RMP - Other Religion | 1 | 0 | 0 | 0 | 15 | 17 | 17.00 | 1 | 1 |
Other - Other Academic and General Knowledge | 0 | 1 | 0 | 0 | 10 | 78 | 78.00 | 0 | 0 |
Science - Earth | 0 | 1 | 0 | 0 | 10 | 60 | 60.00 | 1 | 1 |
RMP - World Mythology | 0 | 1 | 0 | 0 | 10 | 144 | 144.00 | 0 | 0 |
RMP - Islam | 0 | 0 | 0 | 0 | 0 | | 0.00 | 0 | 0 |
History - Cross, Historiography, and Miscellaneous | 0 | 0 | 0 | 0 | 0 | | 0.00 | 0 | 0 |
Science - Astronomy | 0 | 0 | 0 | 0 | 0 | | 0.00 | 0 | 0 |
Fine Arts - Opera | 0 | 0 | 0 | 0 | 0 | | 0.00 | 0 | 0 |
RMP - Jewish Practice | 0 | 0 | 0 | 0 | 0 | | 0.00 | 0 | 0 |